[Event "Washington Class"]
[Site "?"]
[Date "2002.11.30"]
[Round "4"]
[White "Rasmussen, E."]
[Black "Bailey, B."]
[Result "1-0"]
[WhiteElo "1800"]
[BlackElo "1873"]
[Annotator "Stockfish 14 (15s)"]
[PlyCount "33"]

{D00: 1 d4 d5: Unusual lines} 1. d4 d5 2. e4 dxe4 3. Nc3 Nf6 4. f3 Bf5 5. fxe4
Nxe4 6. Qf3 Nxc3 7. bxc3 Bc8 (7... Qc8 8. Bc4 e6 9. g4 (9. Ne2 Bd6 10. Ng3 Bxc2
11. Nh5 O-O 12. Bh6 Qd8 13. Bxg7 Qh4+ 14. g3 Qe4+ 15. Be2 Nd7 16. Bxf8 Rxf8 17.
O-O Ba3 18. Qxe4 Bxe4 19. Rf4 Bb2 20. Raf1 f5 21. Bf3 Bd3 22. Rd1 Ba6 23. c4 e5
{Rossi,P (1811)-Orsoni,J (1852) Bastia 2006 1/2-1/2 (54)}) 9... Bxc2 10. d5 Be7
11. dxe6 f5 12. Qe2 Be4 13. gxf5 Bxf5 14. Nf3 O-O 15. Bg5 Qe8 16. Ne5 Nc6 17.
Nf7 Bxg5 18. Nxg5 Qe7 19. Rg1 Na5 20. Rd1 Nxc4 21. Rd7 Qc5 22. Nf3 {
Laengl,J-Varga,Z (2425) Nuremberg 1989 0-1}) 8. Bc4 e6 9. Ne2 $146 (9. Nh3 Be7
10. O-O O-O 11. Bd3 (11. Nf4 c6 12. Nh5 Nd7 13. Qg4 g6 14. Bh6 Re8 15. Qxe6 Ne5
16. Qxf7+ Nxf7 17. Bxf7+ Kh8 18. Bg7# {1-0 (18) Diemer,E-Portz Lindau 1948})
11... Nd7 12. Qh5 Nf6 13. Rxf6 g6 14. Qh6 Bxf6 15. Ng5 {
1-0 (15) Bondick,K-Czop,R playchess.com INT 2004}) (9. d5 Qh4+ 10. Kd1 Qxc4 11.
Bd2 Qxd5 12. Qg3 Bd6 13. Qg4 h5 {0-1 (13) Zerbib,C-Mazet,J (2175) Bethune 1998}
) (9. Qg4 Nd7 10. Nf3 Nf6 $11) 9... Qf6 (9... Bd6 10. O-O O-O 11. Bd2 $11) 10.
Qh3 (10. Bf4 $142 Bd6 11. O-O $11) 10... Qf5 $4 (10... Be7 $142 11. Qe3 O-O $15
) 11. Qg3 $16 Kd8 $4 (11... Nc6 $142 12. Rb1 b6 $16) 12. Bf4 $18 Bd6 (12... Qa5
13. Rb1 a6 $18) 13. O-O Bxf4 (13... Qg6 14. Bxd6 cxd6 15. Qxd6+ Nd7 16. Bd3 $18
) 14. Rxf4 Qg6 15. Rg4 Qxc2 (15... Nd7 16. Rxg6 hxg6 17. Bxe6 fxe6 18. Qxg6 $18
) 16. Rxg7 Qa4 17. Qg5+ (17. Qg5+ Ke8 18. Rf1 Rf8 19. Rgxf7 Rxf7 20. Qg8+ Kd7
21. Qxf7+ Kc6 22. Qf3+ Kb6 23. Rb1+ Ka5 24. Qh5+ e5 25. Qxe5+ b5 26. Rxb5+ Ka6
27. Rb4+ Qb5 28. Qxb5#) 1-0

[Event "Washington Class"]
[Site "?"]
[Date "2002.12.01"]
[Round "5"]
[White "Bailey, B."]
[Black "Kelley, D."]
[Result "0-1"]
[WhiteElo "1873"]
[BlackElo "1884"]
[Annotator "Stockfish 14 (15s)"]
[PlyCount "38"]

{B33: Sicilian: Pelikan and Sveshnikov Variations} 1. e4 c5 2. Nf3 Nc6 3. d4
cxd4 4. Nxd4 Nf6 5. Nc3 e5 6. Nf3 Bb4 7. Bg5 h6 8. Bxf6 Qxf6 9. Qd3 O-O 10.
O-O-O Bxc3 11. Qxc3 d6 12. Kb1 $146 (12. Qd2 Rd8 13. Bc4 Bg4 14. Be2 Rac8 15.
c3 Be6 16. Kb1 d5 17. exd5 Rxd5 18. Qe3 Ra5 19. a3 Bb3 20. Rd2 Qe6 21. Bd1 f6
22. Nh4 Ra6 23. h3 Rf8 24. Bxb3 Qxb3 25. Qe4 Ra4 26. c4 Qxc4 {
Romero,M-Guiot,J (2110) Paris 1998 0-1 (53)}) (12. Bb5 Bg4 13. Bxc6 Rfc8 14.
Rd3 Rxc6 15. Qd2 Rac8 16. c3 Qe6 17. Rd5 Ra6 18. b3 f5 19. h3 fxe4 20. Nxe5
dxe5 21. hxg4 Rxa2 22. Qxa2 Qxd5 23. Qc2 Qc5 24. Rh3 Rf8 25. Re3 Rf4 26. g3
Rxg4 {Lahti,A-Bleiman,Y Siegen 1970 0-1 (38)}) 12... Bg4 13. h3 Bh5 14. g4 Bg6
15. Qe3 Rac8 16. h4 $4 (16. a3 $142 $11) 16... Nb4 $19 17. c3 $2 (17. Bd3 Qe6
18. b3 Qxg4 19. h5 $19) 17... d5 18. cxb4 (18. Nd2 Qc6 19. Bb5 Qxb5 20. cxb4 f6
$19) 18... Bxe4+ 19. Ka1 (19. Bd3 Bxf3 20. g5 $19) 19... Qxf3 (19... Qxf3 20.
Be2 Qxe3 21. fxe3 Bxh1 22. Rxh1 Rc2 $19) 0-1

[Event "North American Class"]
[Site "?"]
[Date "2002.12.26"]
[Round "1"]
[White "Bailey, B."]
[Black "Weiner, B."]
[Result "1/2-1/2"]
[WhiteElo "1873"]
[BlackElo "1966"]
[Annotator "Stockfish 14 (15s)"]
[PlyCount "89"]

{C80: Open Ruy Lopez: Sidelines and 9 Nbd2} 1. e4 e5 2. Nf3 Nc6 3. Bb5 a6 4.
Ba4 Nf6 5. O-O Nxe4 6. Re1 Nc5 7. Bxc6 dxc6 8. Nxe5 Be7 9. d4 Ne6 10. Be3 O-O
11. Nc3 f6 12. Nf3 f5 13. d5 cxd5 14. Nxd5 Bd6 {Black prepares f4} 15. c4 f4
16. Bd4 Nxd4 17. Qxd4 $146 (17. Nxd4 c6 18. Nc3 Bc5 19. Nf3 Bg4 20. Qxd8 Raxd8
21. Rad1 Bb4 22. h3 Bxf3 23. gxf3 Kf7 24. Rxd8 Rxd8 25. Re2 Bxc3 26. bxc3 Rd3
27. Rb2 Rd7 28. Rb4 g5 29. c5 Ke7 30. Kf1 Kd8 31. Ke2 Kc7 {
Sagues,V (1950)-Lacrosse,M (2253) Paris 2003 0-1 (50)}) (17. Nxd4 $6 f3 18.
Nxf3 Bg4 $11) 17... c5 (17... Bg4 18. Ne5 Be6 19. Nxf4 Qf6 20. Nxe6 Qxe6 $18)
18. Qc3 Bg4 19. Rad1 (19. h3 Bxf3 20. Qxf3 Qg5 $18) 19... Bxf3 $2 (19... Re8
$142 $18) 20. Qxf3 (20. gxf3 $6 Qg5+ 21. Kh1 Qh6 22. Ne7+ Kh8 $16) 20... Qa5 (
20... Re8 21. h3 Rxe1+ 22. Rxe1 Kh8 23. Nxf4 Qf8 $18) 21. Qc3 (21. Nc3 $142
Rad8 22. Qxb7 $18) 21... Qxc3 $14 22. Nxc3 Rfe8 (22... Rae8 23. Ne4 Be5 24.
Nxc5 Bxb2 25. Nxb7 Rxe1+ 26. Rxe1 $14) 23. Kf1 (23. Re4 Rxe4 24. Nxe4 Bf8 $16)
23... Rxe1+ 24. Rxe1 Kf7 25. f3 (25. b3 Rd8 $14) 25... Re8 26. Rxe8 Kxe8 27. b3
Kd7 28. Ke2 Ke6 29. Kd3 Kf5 30. Ne4 Be7 31. Ke2 g5 32. h3 h5 33. Kd3 Ke5 34.
Nc3 Bd8 35. Ne4 b6 36. Nc3 Kf5 37. a4 g4 $4 (37... Ke5 $142 $11) 38. hxg4+ $18
hxg4 39. Nd5 (39. fxg4+ $142 Kxg4 40. Ke4 $18) 39... gxf3 $11 40. gxf3 Ke5 41.
Nc3 Bh4 42. Ne2 Bf2 43. Kc2 Be1 44. Kd3 Kf5 45. Kc2 1/2-1/2

[Event "North American Class"]
[Site "?"]
[Date "2002.12.27"]
[Round "2"]
[White "Haubrich, S."]
[Black "Bailey, B."]
[Result "1-0"]
[WhiteElo "1999"]
[BlackElo "1873"]
[Annotator "Stockfish 14 (15s)"]
[PlyCount "145"]

{C90: Closed Ruy Lopez with 7...d6: Early deviations} 1. e4 e5 2. Nf3 Nc6 3.
Bb5 a6 4. Ba4 Nf6 5. O-O Be7 6. Re1 b5 7. Bb3 d6 8. h3 Na5 9. c3 Nxb3 10. axb3
Bb7 11. d3 c5 12. Nbd2 (12. c4 O-O 13. Nc3 b4 14. Nd5 Nxd5 15. cxd5 f5 16. Nd2
f4 17. f3 Bc8 18. Nf1 Bh4 19. Re2 Qg5 20. Kh1 Qe7 21. Bd2 h5 22. Be1 Bf6 23.
Nh2 Bd7 24. Bf2 g5 25. Kg1 Kf7 26. Kf1 Rh8 {
Barria,D (2355)-Vasquez,R (2505) Santiago 1997 0-1 (53)}) 12... O-O (12... Rc8
13. Nf1 c4 14. bxc4 bxc4 15. Qa4+ Qd7 16. dxc4 Qxa4 17. Rxa4 Nxe4 18. Ne3 Nc5
19. Ra3 Nd3 20. Rd1 e4 21. Nd4 g6 22. Nd5 Rxc4 23. b3 Rc8 24. Nxe7 Kxe7 25. Bd2
f5 26. c4 Kf7 27. Ra2 {Tezok,C-Karagollu,A Kusadasi 2006 0-1 (33)}) 13. Nf1 Re8
14. Ne3 g6 $146 (14... Bf8 15. c4 g6 16. Ng4 Nh5 17. Nh6+ Kg7 18. g3 Qd7 19. h4
Kh8 20. Nh2 Bxh6 21. Bxh6 Qh3 22. Re3 {
1/2-1/2 (22) Deva,C (2114)-Barbitskij,A (2244) Chalkidiki 2000}) 15. Nh2 Bf8
16. c4 Bg7 (16... Nd7 17. Nd5 $15) 17. Neg4 $11 Nxg4 18. hxg4 (18. Nxg4 $143 f5
19. Nh6+ Bxh6 20. Bxh6 Qh4 $17) 18... b4 19. Qf3 (19. Nf1 Bc8 $11) 19... Qf6 (
19... Rf8 20. Qh3 $11) 20. Qg3 g5 (20... Qe7 21. Nf1 $11) 21. Re3 (21. Bd2 a5
$14) 21... Bc8 (21... a5 22. Re1 $11) 22. Rf3 (22. Re1 $5 $16) 22... Qg6 $11
23. Nf1 f6 24. Ne3 Be6 25. Kf1 (25. Ra5 h5 26. Nf5 Bxf5 27. gxf5 Qf7 $14) 25...
h5 (25... a5 $142 $11) 26. Bd2 $4 (26. Nf5 h4 27. Qh3 Bxf5 28. exf5 Qf7 $14)
26... h4 $4 (26... hxg4 $142 27. Nxg4 a5 $17) 27. Qh2 Kf7 (27... Kf8 28. Rh3
$16) 28. Rh3 (28. Nf5 Red8 $16) 28... Rh8 (28... Ke7 29. Nf5+ Kd7 30. g3 hxg3
31. Qxg3 $16) 29. Ke2 (29. Nf5 $142 $5 a5 30. Ke2 $18) 29... Ke7 $16 30. f3 (
30. g3 hxg3 31. Qxg3 Rxh3 32. Qxh3 Kd8 $14) 30... Kd7 31. Be1 Qe8 32. Bf2 Kc6
33. Qg1 Kb7 34. Ra5 Qc6 35. Qa1 Kc7 36. Rh1 Kb7 37. Nc2 Kc7 38. Kf1 Kb7 39. Kg1
Kc7 40. Kh2 Kb7 41. Qa2 Bf8 42. Ra1 Be7 43. d4 $4 (43. Rh1 $142 $14) 43... exd4
$19 44. Bxd4 Rhb8 $4 (44... Bd8 $142 45. Bg1 Bxa5 46. Qxa5 Qc7 47. Qxc7+ Kxc7
$19) 45. Bf2 $11 Bd8 46. Ra4 Bc7 47. Kh3 $4 (47. Kg1 $142 $11) 47... a5 $19 48.
Ne3 (48. Ne1 Re8 49. Nd3 Bxg4+ 50. fxg4 Qxe4 51. Qb1 $19) 48... Qe8 (48... d5
$142 49. Rxa5 Rxa5 (49... Bxa5 $6 50. cxd5 Qd7 51. dxe6 $19) 50. Qxa5 Bxa5 51.
cxd5 Bxg4+ 52. Nxg4 Qb5 $19) 49. Qb1 Rd8 (49... Bf7 50. Nd5 Bxd5 51. cxd5 $11 (
51. exd5 Qe2 52. Bg1 f5 53. Qxf5 Rf8 $19)) 50. Qd3 (50. Qc2 $142 $14) 50... Qc6
$2 (50... Bf7 51. Nd5 Bxd5 52. cxd5 $11) 51. Re1 (51. g3 hxg3 52. Bxg3 Rh8+ 53.
Kg2 Rh7 $16) 51... Re8 $2 (51... d5 $142 $5 52. cxd5 Qd6 $11) 52. Raa1 Rad8 (
52... Rh8 $5 $16) 53. g3 $18 hxg3 54. Bxg3 Re7 55. Kg2 Rh8 $2 (55... Qd7 $142
$18) 56. Nd5 Bxd5 (56... Reh7 57. Nxf6 Rh6 58. Nd5 Bxd5 59. Qxd5 (59. cxd5 $6
Qd7 $14) (59. exd5 $6 Qd7 $16) 59... Qxd5 60. exd5 $18 (60. cxd5 $6 Kb6 $16))
57. exd5 (57. cxd5 $6 Qd7 $11) (57. Qxd5 $6 Rh6 $16) 57... Qd7 58. Rxe7 Qxe7
59. Re1 Qd8 (59... Qg7 60. Qf5 $18) 60. Qe4 Rf8 (60... Kb6 61. Qg6 $18) 61. Qe6
(61. Qg6 Qd7 62. Re6 Ka8 63. Rxf6 Rxf6 64. Qxf6 a4 65. Qxg5 Qh7 $18) 61... Kb8
62. Qf5 Kb7 63. Re6 Kb8 (63... Rf7 $18) 64. f4 Kb7 65. Qg6 (65. Kf3 $142 $18)
65... Kb8 $4 (65... Qd7 $18) 66. Kf3 (66. fxg5 $5 a4 67. bxa4 Rg8 68. Qxf6 Rxg5
69. Qxd8+ Bxd8 70. Bxd6+ Kb7 $18) 66... Kb7 (66... Qd7 67. Rxf6 Rxf6 68. Qxf6
gxf4 69. Bxf4 $18) 67. Qg7 gxf4 68. Bxf4 f5 (68... Kc8 69. Bh6 Rh8 70. Rxf6 Rh7
$18) 69. g5 Kb8 (69... Rg8 70. Qf7 Ka6 71. Qf6 $18) 70. Re7 Re8 71. Rd7 Qc8 72.
Bxd6 Bxd6 73. Rxd6 (73. Rxd6 Qc7 74. Qd7 Qxd7 75. Rxd7 a4 76. bxa4 Kc8 77. Rf7
Rg8 78. Kf4 b3 79. Kxf5 Rh8 80. g6 Rh5+ 81. Kf6 Rh1 82. g7 Rg1 83. d6 Kd8 84.
Ke6 Rg6+ 85. Kd5 Ke8 86. Re7+ Kd8 87. Kc6 Rxg7 88. Rxg7 Ke8 89. a5 Kf8 90. Re7
Kg8 91. d7 Kh8 92. d8=Q#) 1-0

[Event "North American Class"]
[Site "?"]
[Date "2002.12.28"]
[Round "3"]
[White "Bailey, B."]
[Black "Arndt, L."]
[Result "1-0"]
[WhiteElo "1873"]
[BlackElo "1813"]
[Annotator "Stockfish 14 (15s)"]
[PlyCount "57"]

{C75: Ruy Lopez: Deferred Steinitz: 5 c3 Bd7 6 d4 without ...g6} 1. e4 e5 2.
Nf3 Nc6 3. Bb5 d6 4. c3 Bd7 5. d4 exd4 6. cxd4 a6 (6... h6 7. Nc3 a6 8. Ba4 b5
9. Bb3 Nf6 10. O-O Bg4 11. Be3 Na5 12. Bc2 Nc4 13. Bc1 Be7 14. Qd3 Bxf3 15.
Qxf3 O-O 16. b3 Nb6 17. e5 Ne8 18. Bxh6 Bg5 19. Qf5 {
1-0 (19) Gonzalez,Y (2495)-Navines Monfa,J (2098) Badalona 2005}) (6... Nf6 7.
Nc3 Be7 8. O-O O-O 9. Re1 h6 10. Bd2 a6 11. Ba4 b5 12. Bb3 Bg4 13. Be3 Re8 14.
h3 Bh5 15. Rc1 Na5 16. Bc2 Bf8 17. g4 Bg6 18. e5 Bxc2 19. Qxc2 dxe5 20. dxe5
Nd7 21. Red1 {Wieland,O-Vogler,M Schoeneck 2005 1-0 (33)}) 7. Ba4 b5 $146 (7...
Be7 8. Nc3 Bf6 9. O-O Nge7 10. Re1 b5 11. Bc2 Bg4 12. Ne2 Bxf3 13. gxf3 Ng6 14.
Be3 O-O 15. f4 Nh4 16. Ng3 Nxd4 17. Bxd4 Bxd4 18. Qg4 Ng6 19. e5 Qh4 20. Qd1
Nxf4 21. Be4 Nh3+ 22. Kg2 {Cap,J-Oskrobany,E Plzen 1999 1-0 (46)}) (7... h6 8.
O-O Nge7 9. Nc3 Ng6 10. h3 Be7 11. a3 O-O 12. b4 f5 13. e5 dxe5 14. dxe5 Be6
15. Bb3 Qc8 16. Nd5 Rd8 17. Nxe7+ Ngxe7 18. Qc2 Kf7 19. Re1 Bxb3 20. Qxb3+ Qe6
21. Qc2 Rd5 22. Bb2 {Zunker,R (2195)-Lazic,S Wiesbaden 1996 1/2-1/2 (39)}) 8.
Bc2 Be7 (8... Nb4 $142 $5 9. Bb3 c5 $16) 9. Nc3 $18 Nf6 $6 (9... Bg4 10. Be3
Bf6 11. Nd5 $18) 10. a3 (10. e5 $142 $5 dxe5 11. dxe5 Nh5 $18) 10... O-O (10...
Bg4 11. Be3 O-O 12. O-O $18) 11. h3 (11. e5 $5 dxe5 12. dxe5 Ng4 $18) 11... Re8
(11... b4 $142 12. Ne2 Na5 $18) 12. Qd3 $4 (12. O-O $5 h6 $18) 12... g6 (12...
b4 $142 13. Nd5 g6 $11) 13. Bh6 $4 (13. O-O $142 $5 b4 14. Ne2 bxa3 15. bxa3
$16) 13... b4 (13... Nxe4 $142 14. O-O Nxc3 15. Qxc3 Bf6 $17) 14. Ne2 $14 bxa3
15. bxa3 Nxe4 $4 (15... Na5 $142 16. Qd1 c5 $14) 16. Qxe4 $18 Bf8 (16... Bf6
17. Qf4 Na5 $18) 17. Qf4 Qe7 18. Bd1 Bxh6 (18... Qe4 19. Qxe4 Rxe4 20. Bxf8
Kxf8 21. O-O $18) 19. Qxh6 Bf5 (19... Na5 20. O-O Bc6 21. Nc3 $18) 20. O-O f6 (
20... Na5 21. Re1 $18) 21. Bb3+ (21. Rc1 $5 Nd8 22. Ng3 Be6 $18) 21... Be6 22.
Bxe6+ Qxe6 23. Nf4 (23. Rfc1 $142 Qxe2 24. Rxc6 Ra7 $18) 23... Qf5 (23... Qf7
24. Rac1 Ne7 25. Rxc7 $18) 24. Rac1 Ne7 (24... Re4 25. g3 Qd7 26. Nxg6 Nxd4 27.
Nxd4 Rxd4 28. Nf4 $18) 25. Rxc7 Rac8 26. Rfc1 Rxc7 27. Rxc7 Qa5 28. Rd7 (28.
Ne6 Kf7 29. d5 Qxd5 30. Nfd4 Qxd4 31. Nxd4 Rg8 32. Qe3 Re8 33. Qe6+ Kg7 34.
Rxe7+ Rxe7 35. Qxe7+ Kh6 36. Qxf6 a5 37. Nf5+ Kh5 38. Qh4#) 28... Qb5 (28...
Qf5 29. Rc7 d5 $18) 29. Ne6 $1 (29. Ne6 Qb1+ 30. Kh2 Qg1+ 31. Kxg1 Kf7 32. Rxd6
Rg8 33. Qxh7+ Rg7 34. Qxg7+ Ke8 35. Nc7#) 1-0

[Event "North American Class"]
[Site "?"]
[Date "2002.12.28"]
[Round "4"]
[White "Carr, M."]
[Black "Bailey, B."]
[Result "0-1"]
[WhiteElo "1950"]
[BlackElo "1873"]
[Annotator "Stockfish 14 (15s)"]
[PlyCount "50"]

{A23: English Opening: 1...e5 2 Nc3 Nf6 3 g3 c6} 1. c4 e5 2. Nc3 Nf6 3. g3 c6
4. Nf3 e4 5. Nd4 d5 6. cxd5 cxd5 $146 (6... Bc5 7. Nb3 Bb6 8. dxc6 (8. Bg2 Bf5
(8... cxd5 9. O-O Nc6 10. d3 exd3 11. Bg5 Be6 12. Qxd3 O-O 13. Rad1 h6 14. Bxf6
Qxf6 15. Nxd5 Bxd5 16. Bxd5 Qxb2 17. Rd2 Qf6 18. Qf3 Qxf3 19. Bxf3 Rfd8 20.
Rxd8+ Rxd8 21. Rc1 Rd6 22. Kg2 Kf8 23. Nc5 {
Kobaidze,T (2150)-Belavenets,L (2130) Tbilisi 1979 1/2-1/2}) 9. d4 cxd5 10. Bg5
Nc6 11. O-O Qd7 12. Nc5 Bxc5 13. dxc5 Rd8 14. Nb5 O-O 15. Nd6 Qe6 16. Bxf6 gxf6
17. Qd2 b6 18. b4 Bg6 19. a3 bxc5 20. bxc5 Rb8 21. Rad1 Ne7 22. Qc3 Qe5 {
Stanke,J (2320)-Sahl,B (2470) Hamburg 1993 0-1 (39)}) 8... Nxc6 9. Bg2 Bf5 10.
O-O O-O 11. Kh1 Ne5 12. d4 exd3 13. Bxb7 dxe2 14. Nxe2 Qc7 15. Bxa8 Rxa8 16.
Ned4 Rd8 17. Bf4 Qb7+ 18. f3 Neg4 19. h3 Bxd4 20. Nxd4 Qxb2 21. hxg4 {
Larand,M (2058)-Roinel,F (2161) France 2004 1-0 (62)}) 7. e3 (7. d3 $5 Bc5 8.
dxe4 dxe4 9. Be3 $14) 7... Nc6 (7... Bc5 8. d3 O-O $17) 8. Bb5 (8. d3 $5 Bb4 9.
dxe4 Nxe4 10. Bd2 Nxd4 11. Nxe4 dxe4 12. exd4 Bxd2+ 13. Qxd2 $15) 8... Bd7 $17
9. Nxc6 (9. O-O h5 10. d3 h4 11. dxe4 dxe4 $17) 9... bxc6 (9... Bxc6 $6 10.
Bxc6+ bxc6 11. d3 $11) 10. Ba4 $2 (10. Be2 $5 Bd6 11. d3 exd3 12. Qxd3 $17)
10... Bd6 11. d3 exd3 12. Qxd3 O-O 13. Bd2 (13. O-O Re8 $19) 13... Re8 14. Rc1
(14. f3 Rb8 15. Nd1 $19) 14... Ng4 15. f4 (15. O-O Rb8 16. Bd1 Nxh2 17. Re1 $19
) 15... Qb6 (15... Bxf4 $142 16. O-O Rxe3 17. Bxe3 Bxe3+ 18. Kg2 Bxc1 19. Rxc1
Qf6 $19) 16. Nxd5 $11 cxd5 17. Bxd7 Nxe3 18. Rc6 $4 (18. Qb5 $142 Re7 19. Qxb6
axb6 20. Bxe3 $11) 18... Ng4+ (18... Nc4+ $142 19. Kf1 Qxb2 20. Bxe8 Nxd2+ 21.
Kg2 Nc4+ 22. Kh3 Rxe8 23. Qxd5 $19) 19. Kd1 Nf2+ 20. Kc2 Rac8 (20... Qb7 $142
21. Qxd5 Qxd7 22. Rxd6 Qa4+ 23. Kb1 Nxh1 24. Qxh1 $19) 21. Qc3 (21. Qxd5 Rxc6+
22. Qxc6 Qxc6+ 23. Bxc6 Rc8 $19) 21... Rxc6 22. Bxc6 (22. Qxc6 Qxc6+ 23. Bxc6
$19) 22... Rc8 23. Be3 (23. Re1 d4 24. Qb3 Qxc6+ 25. Kb1 Bf8 $19) 23... Qxc6 (
23... Rxc6 $6 24. Bxb6 Rxc3+ 25. Kxc3 axb6 26. Rc1 $17) 24. Qxc6 Rxc6+ 25. Kb1
Nxh1 0-1

[Event "North American Class"]
[Site "?"]
[Date "2002.12.29"]
[Round "5"]
[White "Bailey, B."]
[Black "Knight, K."]
[Result "1/2-1/2"]
[WhiteElo "1873"]
[BlackElo "1957"]
[Annotator "Stockfish 14 (15s)"]
[PlyCount "147"]

{B00: Queen's Fianchetto Defence, Nimzowitsch Defence} 1. e4 d6 2. d4 Nc6 3.
Nf3 g6 4. Nc3 $146 (4. Bb5 Bg7 5. O-O Nf6 6. Re1 O-O 7. c3 Bd7 8. Na3 (8. Nbd2
e5 9. Ba4 Re8 10. h3 b5 11. Bb3 Na5 12. Bc2 c5 13. Nf1 cxd4 14. cxd4 Rc8 15.
Bg5 h6 16. Bh4 Nc4 17. dxe5 dxe5 18. b3 Nb6 19. Ne3 Bc6 20. Qe2 Qc7 21. Bxf6
Bxf6 22. Bd3 a6 {Krantz,K (2265)-Fries Nielsen,J Esbjerg 1976 1-0 (40)}) 8...
e5 9. dxe5 Nxe5 10. Nxe5 dxe5 11. Bxd7 Qxd7 12. Qxd7 Nxd7 13. Be3 a6 14. Nc4
Rfd8 15. Na5 Nf8 16. Nxb7 Rdb8 17. Nc5 Rxb2 18. Reb1 Rc2 {
Keres,P-Mikenas,V Kaunas 1939 1/2-1/2 (43)}) (4. h3 Bg7 5. c3 (5. Bg5 h6 6. Be3
e5 7. Nc3 a6 8. Qd2 Nf6 9. d5 Ne7 10. O-O-O Bd7 11. Nh2 b5 12. f3 g5 13. Ng4
Ng6 14. Kb1 Nh5 15. Bf2 Nh4 16. Ne3 Nf4 17. Ne2 a5 18. Ng1 Nh5 19. g3 Ng6 {
Nikolaevsky,Y-Janes,V Riga 1968 1-0}) 5... Nf6 6. Bd3 e5 7. d5 Ne7 8. O-O O-O
9. Re1 Nd7 10. c4 Nc5 11. Bf1 f5 12. Nc3 a5 13. Bg5 h6 14. Be3 Nd7 15. a3 f4
16. Bc1 g5 17. Nd2 Nf6 18. g4 fxg3 {
Vadla,Z (2240)-Zaja,I (2440) Zadar 1997 0-1 (50)}) (4. b3 Bg7 5. Bb2 Nf6 6. Bd3
Nb4 7. e5 Nxd3+ 8. Qxd3 Nd5 9. Ng5 Qd7 10. Qf3 Qf5 11. Qxd5 Qxg5 12. O-O e6 13.
Qb5+ c6 14. Qb4 dxe5 15. dxe5 Bxe5 16. Qc5 f6 17. Ba3 Bxa1 18. Qe7# {
1-0 (18) Dimon,R (1000)-Tuzeneu,J (824) Kalamazoo 1999}) 4... a6 5. Be3 Bg7 6.
Be2 (6. Qd2 b5 $16) 6... Nf6 7. h3 h6 $2 (7... O-O 8. a4 $14) 8. Qd2 (8. d5 Nb8
9. a4 c6 $16) 8... e5 (8... e6 9. O-O $16) 9. dxe5 (9. O-O-O $5 exd4 10. Nxd4
$18) 9... dxe5 $16 10. Qxd8+ Kxd8 (10... Nxd8 11. Nxe5 Nxe4 12. Nxe4 Bxe5 13.
O-O-O $16) 11. O-O-O+ Ke8 12. Nh2 (12. Bc4 $142 $5 $16) 12... Be6 $14 13. f4
Nd7 (13... Rd8 $5 $11) 14. Nd5 $16 Bxd5 15. exd5 (15. Rxd5 $6 exf4 16. Bxf4 Nd4
$11) 15... Nd4 (15... Ne7 $5 $16) 16. Bxd4 exd4 17. Nf3 Nb6 (17... Bf8 18. Nxd4
Bd6 19. g3 $16) 18. Rhe1 $18 Kf8 19. Nxd4 Nxd5 20. g3 $4 (20. Bf3 $5 Nxf4 21.
Nb3 Bf6 22. Bxb7 Rb8 $18) 20... c6 $2 (20... Re8 $142 $5 21. Nf3 c6 $11) 21.
Bf3 $16 Bxd4 (21... Bf6 $142 $5 $16) 22. Rxd4 $18 Nf6 23. Rb4 Ra7 24. Re3 (24.
g4 $5 a5 25. Rd4 Ra8 $18) 24... a5 25. Rd4 (25. Rb6 Nd7 26. Rbb3 Nc5 $18) 25...
Kg7 $16 26. Re7 (26. g4 Re8 27. Rxe8 Nxe8 $16) 26... Re8 27. Rxe8 Nxe8 28. Kd2
(28. Rd7 Nf6 29. Rd8 a4 $16) 28... Kf8 (28... Ra8 $16) 29. Kc3 (29. Rd7 $142 $5
Nf6 30. Rd8+ Ke7 31. Rh8 $14) 29... Ke7 $11 30. Re4+ Kd7 31. g4 Nd6 32. Re1 b6
33. h4 Ra8 34. Kd3 Rh8 35. c3 Nb7 36. b3 Kd6 37. a3 Nc5+ 38. Kc2 Ne6 39. Rd1+
Kc7 40. f5 gxf5 41. gxf5 Nc5 42. Rg1 Nd7 43. Rg7 Ne5 44. Bh5 Kd6 (44... Rf8
$142 $11) 45. Bxf7 $16 Ke7 $2 (45... Rd8 $142 46. Bg6 Ng4 $16) 46. Bh5+ $4 (46.
Be6+ $142 Kf6 47. Rb7 $18) 46... Kf6 $11 47. Rb7 b5 48. Bg6 Nxg6 49. fxg6 Kxg6
50. Rc7 Kh5 51. Rxc6 Kxh4 52. Rb6 Kg4 53. Rxb5 h5 54. Rxa5 h4 55. Rd5 h3 56.
Rd1 h2 57. Rh1 Kg3 58. a4 Kg2 59. Rxh2+ Rxh2 60. a5 Kf3+ 61. Kd3 Kf4 62. Kd4
Rd2+ 63. Kc5 Ke5 64. a6 Rd6 65. b4 $4 (65. Kb5 $142 Rd7 66. b4 $11) 65... Rxa6
66. b5 Rd6 (66... Ra3) 67. b6 $11 Rd5+ 68. Kc6 Rd6+ 69. Kc7 Kd5 70. b7 Rc6+ 71.
Kd7 Rd6+ 72. Kc7 Rc6+ 73. Kd7 Rb6 74. Kc7 1/2-1/2

[Event "North American Class"]
[Site "?"]
[Date "2002.12.29"]
[Round "6"]
[White "Dixon, M."]
[Black "Bailey, B."]
[Result "1/2-1/2"]
[WhiteElo "1962"]
[BlackElo "1873"]
[Annotator "Stockfish 14 (15s)"]
[PlyCount "51"]

{A28: English Opening: Four Knights Variation} 1. c4 e5 2. Nc3 Nf6 3. Nf3 Nc6
4. d4 exd4 5. Nxd4 Bb4 6. Nxc6 bxc6 7. g3 O-O 8. Bg2 Bxc3+ (8... Qe7 9. O-O Ba6
10. Bg5 Bxc4 11. Qd4 d5 12. b3 Ba6 13. Rac1 Rfe8 14. Rfe1 Bd6 15. Qa4 Bb7 16.
e4 h6 17. Bd2 Qf8 18. Red1 a6 19. Be3 Ba3 20. Rc2 Rad8 21. exd5 cxd5 22. Bd4
Ne4 23. Nxe4 {Ftacnik,L (2585)-Vojtek,V (2335) Slovakia 1998 1-0 (42)}) (8...
d5 9. Qa4 Qe7 10. O-O d4 11. Qxc6 Bg4 12. h3 Bh5 13. a3 Bd6 14. Nb5 Bxe2 15.
Re1 d3 16. Nc3 Nd7 17. Nxe2 dxe2 18. Qf3 Rae8 19. Be3 f5 20. Rxe2 f4 21. gxf4
Bxf4 22. Qd5+ Kh8 23. Rae1 {
Shvedchikov,A (2427)-Tirto (2418) Kuala Lumpur 2006 0-1 (35)}) 9. bxc3 d5 $146
(9... Re8 10. O-O Ne4 11. Be3 Ba6 12. Qa4 Qc8 13. Rac1 Nd6 14. c5 Nc4 15. Bf4
Rxe2 16. Rfe1 Nb2 17. Qd4 Nd3 18. Bh6 Qf8 19. Red1 Nxc1 20. Bxc1 Rxa2 21. Qxd7
Be2 22. Re1 Qxc5 23. Bd2 Bb5 24. h4 {
Eliseev,A (2260)-Kholmov,R (2435) St Petersburg 1996 1/2-1/2 (49)}) (9... Re8
10. O-O $11) 10. Bg5 (10. cxd5 cxd5 11. c4 Be6 $14) 10... Qd6 (10... Re8 11.
cxd5 Ba6 12. Bf3 $11) 11. Bf4 (11. Qd4 Ne4 12. Bf4 Qa3 13. cxd5 Re8 $14) 11...
Qc5 12. O-O Qxc4 13. Bxc7 (13. Be5 Ne4 14. Qd4 Qxd4 15. cxd4 Nc3 $11) 13... Ba6
(13... Re8 14. e3 $15) 14. Re1 $11 Rac8 (14... Qxc3 $143 15. Rc1 Qb4 16. Be5
$14) 15. Bd6 (15. Be5 Ne4 16. Qb3 h6 $11) 15... Rfe8 16. Bh3 (16. e3 Qxc3 17.
Qc1 Qxc1 18. Rexc1 Bc4 $15) 16... Ra8 (16... Ne4 $5 17. Bxc8 Bxc8 $17) 17. e3
$11 Ne4 (17... Qxc3 18. Rc1 Qa5 19. Rxc6 Qxa2 $11) 18. Bb4 (18. Bf1 Qxc3 19.
Bxa6 Nxd6 $11) 18... Nxc3 (18... Qb5 $142 $5 19. f3 Ng5 $17) 19. Bxc3 $11 Qxc3
20. Rc1 Qf6 (20... Qa5 $142 $5 21. Bd7 Re4 22. Bxc6 Rd8 $11) 21. Bd7 $16 Red8
22. Bxc6 (22. Rxc6 $5 Qb2 23. Rxa6 Rxd7 24. Re2 $16) 22... Rac8 23. Qa4 Bc4 24.
Bb7 (24. Bb5 Bxb5 25. Qxb5 Rxc1 26. Rxc1 d4 $11) 24... Rb8 25. Qxa7 Bxa2 (25...
Qe7 $5 26. Rb1 Bd3 $11) 26. Qxa2 1/2-1/2